| 000 | 00528nam a22002057a 4500 | ||
|---|---|---|---|
| 005 | 20260131153559.0 | ||
| 008 | 260131b |||||||| |||| 00| 0 eng d | ||
| 020 |
_a9789354661235 _c695.00 |
||
| 040 | _aMAIN | ||
| 041 | _aEnglish | ||
| 082 |
_a005.133 _bKAR |
||
| 100 |
_aKaregowda , Asha Gowda _926144 |
||
| 245 | _aFundamentals of C and Data Structures | ||
| 260 |
_aNew Delhi _bCBS _c2023 |
||
| 300 | _a768 | ||
| 650 | _aComputer Science | ||
| 700 |
_aBhargavi, K.T _926145 |
||
| 700 |
_aRoopa, T. _926146 |
||
| 942 | _cBK | ||
| 999 |
_c60192 _d60192 |
||